| 000 | 00387nam a22001577a 4500 | ||
|---|---|---|---|
| 003 | OSt | ||
| 005 | 20211201101301.0 | ||
| 008 | 211201b |||||||| |||| 00| 0 eng d | ||
| 040 |
_aDDC _cHU |
||
| 082 |
_21ST _a616.1 _b1 |
||
| 100 |
_aLEONARD J.C. _921220 |
||
| 245 | _aA GUIDE TO CARDIOLOGY | ||
| 250 | _a1ST | ||
| 260 |
_aLONDON _bE. AND S. LIVINGSTONE LTD _c1961 |
||
| 942 |
_2ddc _cBOOKS _n0 |
||
| 999 |
_c20888 _d20888 |
||